00402nam a2200145Ia 4500003000400000008004100004020002700045040000800072100002300080245007400103260003000177300001400207365001200221440002300233LDD181029s9999 xx 000 0 und d a9780415304887cP 35.99 cLDD aRobinson, Jennifer 0aOrdinary Citiesbbetween modernity and developmentcJennifer Robinson aNew YorkbRoutledgec2006 axiv, 204: bP 35.99 aQuestioning cities